00968cam a22002657a 4500001000500000005001700005020001800022040002300040050001300063082000800076100002000084245013700104250004200241260004500283300004700328490002700375490002800402505000800430520015100438521002000589521002000609650001800629650001800647700003700665327820241108093346.0 a9780689810138 aDLCcDLCdDLCbeng00aPZ7.R982 a4201 aRylant, Cynthia10aHenry and Mudge and the happy cat :bThe eighth book of their adventures /cstory by Rylant, Cynthia ; pictures by Steveson, Suçie a1st Aladdin paperbacks editioon, 1994 aNew York :bSimon& Schuster, Inc ,c1990 a47 pages : bcolor illustrations ;c24 cm.0 aReady-to-readvLevel 20 aHenry and MudgevBook 8 aJ  aHenry's family takes in a stray cat, the ugliest cat they have ever seen, and an amazing relationship blossoms between it and their big dog Mudge. a470 bLexile  aJ bRaz-Plus  1aCatsvFiction 1aDogsvFiction1 aStevenson, Suçieeillustrator